| 000 | 01117 a2200229 4500 | ||
|---|---|---|---|
| 001 | 41135 | ||
| 005 | 20260407155705.0 | ||
| 008 | 260407a2003 arg spa d | ||
| 003 | AR-UNSa-BCEJYS | ||
| 040 |
_aAR-UNSa-BCEJYS _bspa _cAR-UNSa-BCEJYS |
||
| 080 |
_a347.736 _xQuiebra. Insolvencia. Suspensión de pagos. Bancarrota, procedimientos. Derecho Concursal |
||
| 245 | 1 | 0 |
_aEl nuevo régimen concursal _pLeyes 25.561, 25.563 y 25.589. Aplicación del CER y del CVS |
| 020 | _a950-894-394-7 | ||
| 264 | 1 |
_aBuenos Aires : _bAD-HOC _c2003 |
|
| 300 |
_a256 p. _c23 cm. |
||
| 505 | _a1. La Ley 24.522 y sus primeras reformas - 2. La emergencia económica y la primera reforma sustancial al nuevo régimen concursal argentino - 3. La reforma de la reforma (¿La contrarreforma?) - 4. Análisis pormenorizado de las principales reformas introducidas a la Ley 24.522 por la Ley 25.589 | ||
| 041 | _aspa | ||
| 942 | _cBK | ||
| 590 | _aniveau_biblio:m niveau_hierar:0 | ||
| 100 | 1 | _aVítolo, Daniel Roque | |
| 856 | 4 | 1 |
_uhttps://biblioeco.unsa.edu.ar/pmb/images/libros/el_nuevo_reg_Vitolo.jpg _yImagen de portada _qimage/jpeg |
| 999 |
_c3388 _d3388 |
||